Szczegóły MARC21

Friedrich Schiller : der Verbrecher aus verlorener Ehre /

003 -Nazwa inst., której nr kontr. jest w polu 001 [,]
    • @
    • Nazwa instytucji, której n kontrolny jest w polu 001
    • NUKAT
005 -DATA I CZAS OSTATNIEJ MODYFIKACJI [,]
    • @
    • pole kontrolne
    • 20241231093514.0
020 -Międzynarod. znormalizowany nr książki - ISBN [ , ]
    • a
    • Numer ISBN
    • 3425061623 Find
040 -Instytucja sporządzająca opis [ , ]
    • a
    • Instytucja, która sporządziła opis (NP)
    • SZCZ U/JS
    • c
    • Instytucja, która sporządziła rekord (NP)
    • SZCZ U/JS
    • d
    • Instytucja, która zmodyfikowała rekord (P)
    • SZCZ U/MSZ
942 -Rodzaj dokumentu [ , ]
    • c
    • Rodzaj dokumentu
    • Książka
100 -Hasło główne - nazwa osobowa [1, ]
    • a
    • Nazwa osobowa (NP)
    • Kawa, Rainer
    • d
    • Daty biograficzne (NP)
    • (1948- ).
    • 9
    • KHW
    • 92004
245 -Strefa tytułu i oznaczenia odpowiedzialności [1,0]
    • a
    • Tytuł
    • Friedrich Schiller : Find
    • b
    • Ciąg dalszy tytułu (NP)
    • der Verbrecher aus verlorener Ehre / Find
    • c
    • Pozostałe elementy strefy tytułu i oznaczenia odpowiedzialności (NP)
    • von Rainer Kawa.
260 -Strefa adresu wydawniczego [ , ]
    • a
    • Miejsce wydania (P)
    • Frankfurt am Main :
    • b
    • Nazwa wydawcy (P)
    • Verlag Moritz Diesterweg,
    • c
    • Data wydania (P)
    • 1990.
300 -Strefa opisu fizycznego [ , ]
    • a
    • Określenie formy książki i/lub objętość (NP)
    • 78 s. ;
    • c
    • Format (NP)
    • 21 cm.
336 -Typ zawartości [ , ]
    • a
    • Termin opisujący typ zawartości
    • Tekst
    • b
    • Kod określający zawartość
    • txt
    • 2
    • Źródło (terminu i kodu)
    • rdacontent
337 -Typ mediów [ , ]
    • a
    • Tryb odtwarzania
    • Bez urządzenia pośredniczącego
    • b
    • Kod typu mediów
    • n
    • 2
    • Źródło (terminu i kodu)
    • rdamedia
338 -Typ/rodzaj nośnika [ , ]
    • a
    • Hasło opisujące typ nośnika
    • Wolumin
    • b
    • Kod typu nośnika
    • nc
    • 2
    • Źródło (terminu i kodu)
    • rdacarrier
490 -Strefa serii i książki wielotomowej - forma nie do wyszukiwania [1, ]
    • a
    • Tytuł (P)
    • Grundlagen und Gedanken zum Verständnis Erzählender Literatur Find
830 -Hasło dodatkowe serii i opisu książki wielotomowej - tytuł ujednolicony/tytuł [ ,0]
    • a
    • Tytuł ujednolicony/tytuł (NP)
    • Grundlagen und Gedanken zum Verständnis Erzählender Literatur
    • 9
    • KHW
    • 59335
504 -Uwaga dot. bibliogr. załącznikowej [ , ]
    • a
    • Uwaga dot. bibliografii załącznikowej
    • Bibliogr. s. 72-78.
080 -Uniwersalna Klasyfikacja Dziesiętna [ , ]
    • a
    • Symbol klasyfikacji
    • 821.112.2(091)A/Z
    • 2
    • Identyfikator wydania tablic
    • UDC-P058
    • 9
    • UKD
    • 8139
    • b
    • Dopowiedzenie
    • Literatura niemiecka (historia). Poszczególni pisarze.
    • 4
    • UKD2
    • 8205
    • x
    • Poddział wspólny
    • "17/18"
    • c
    • Dopowiedzenie poddz. wspólnego
    • Wiek XVIII/XIX.
    • 4
    • UKD2
    • 7631
    • x
    • Poddział wspólny
    • =112.2
    • c
    • Dopowiedzenie poddz. wspólnego
    • =Język niemiecki (wysokoniemiecki, standardowy niemiecki).
980 -Symbol UKD [ , ]
    • a
    • UKD
    • 821.112.2(091)"17/18" Schiller F. =112.2
710 -Hasło dodatkowe - nazwa ciała zbiorowego [2, ]
    • a
    • Nazwa ciała zbiorowego lub nazwa geograficzna jako pierwszy element (NP)
    • Verlag Moritz Diesterweg.
    • 4
    • Kod relacji
    • pbl
    • 9
    • KHW
    • 59334
920 -ISBN [ , ]
    • a
    • ISBN
    • 3-425-06162-3 Find
Numer inwentarzowy Sygnatura Status udost. Lokalizacja Data inwentaryzacji
G.12407Germ. Literaturozn.-Schiller 14-3BM1997-01-15